| 000 | 00455nam a2200169 4500 | ||
|---|---|---|---|
| 999 |
_c507892 _d507892 |
||
| 008 | 190228b ||||| |||| 00| 0 eng d | ||
| 100 |
_aShukla, Sanjay Kumar _92712 |
||
| 245 | _aMetaphysico-epistemological and ethical issues in postmodernity | ||
| 260 | _c2018 | ||
| 300 | _ap.142-160. | ||
| 650 |
_aEpistemology _92713 |
||
| 650 |
_aEthics _92714 |
||
| 650 |
_aModernity _92715 |
||
| 773 | _aDialogue | ||
| 906 | _aMetaphysics | ||
| 942 |
_2ddc _cAR |
||